Management of tomato disease in prateahlang soil ការគ្រប់គ្រងជំងឺលើដំណាំប៉េងប៉ោះក្នុងលក្ខ័ខណ្ឌ័ដីប្រទះឡាង (Record no. 569)

000 -LEADER
fixed length control field 00534nam a22001457a 4500
003 - CONTROL NUMBER IDENTIFIER
control field OSt
005 - DATE AND TIME OF LATEST TRANSACTION
control field 20150916114614.0
008 - FIXED-LENGTH DATA ELEMENTS--GENERAL INFORMATION
fixed length control field 150916b xxu||||| |||| 00| 0 eng d
040 ## - CATALOGING SOURCE
Transcribing agency RUA
082 ## - DEWEY DECIMAL CLASSIFICATION NUMBER
Classification number AGR SAM 2002 B023 Or.1
100 ## - MAIN ENTRY--PERSONAL NAME
9 (RLIN) 592
Personal name SAM, SARAK.
245 ## - TITLE STATEMENT
Title Management of tomato disease in prateahlang soil ការគ្រប់គ្រងជំងឺលើដំណាំប៉េងប៉ោះក្នុងលក្ខ័ខណ្ឌ័ដីប្រទះឡាង
300 ## - PHYSICAL DESCRIPTION
Extent 57p.
Other physical details ill.
Dimensions 29cm.
942 ## - ADDED ENTRY ELEMENTS (KOHA)
Source of classification or shelving scheme
Koha item type AGR
Holdings
Price effective from Date last seen Permanent Location Not for loan Date acquired Source of classification or shelving scheme Koha item type Lost status Withdrawn status Total Renewals Date last checked out Total Checkouts Shelving location Damaged status Barcode Checked out Current Location Full call number
2015-09-162021-10-27Library Block B 2015-09-16 AGR  12021-09-297B023 RUA002782 Library Block BAGR SAM 2002 B023 Or.1
2015-09-162019-10-04Library Block B 2015-09-16 AGR   2019-08-302B023 RUA002639 Library Block BAGR SAM 2002 B023 Or.2
2015-09-162018-11-20Library Block B 2015-09-16 AGR   2018-11-123B023 RUA002854 Library Block BAGR SAM 2002 B023 Or.3
2015-09-162018-10-03Library Block B 2015-09-16 AGR   2018-09-282B023 RUA002572 Library Block BAGR SAM 2002 B023 Or.4
2015-09-162017-12-30Library Block B 2015-09-16 AGR   2017-12-302B023 RUA0026442018-02-05Library Block BAGR SAM 2002 B023 Or.5
2015-09-162019-08-02Library Block B 2015-09-16 AGR   2019-07-243B023 RUA002567 Library Block BAGR SAM 2002 B023 Or.6
មជ្ឈមណ្ឌលឯការនៃសាកលវិទ្យាល័យភូមិន្ទកសិកម្មចំការដូង

Powered by Koha